|
|
|
|
| LEADER |
00000nab a2200000 a 4500 |
| 001 |
vtls000832806 |
| 003 |
SK-MaSNL |
| 005 |
20260302163147.0 |
| 008 |
180206c2003 xo 0 slo |
| 015 |
|
|
|a SNBRB2003/04-12634
|
| 035 |
|
|
|a CLN000184461
|
| 040 |
|
|
|a SNKBUCL
|b slo
|c SNKBUCL
|e AACR2
|
| 041 |
0 |
|
|a slo
|
| 044 |
|
|
|a xo
|c SK
|
| 080 |
|
|
|a 796.322.093.1
|2 UDC-MRF-SK2
|
| 245 |
0 |
0 |
|a Majster potvrdil druhé miesto
|b WHIL - 26. kolo: Olomouc nevyužil šancu
|
| 300 |
|
|
|b Fotogr.
|
| 650 |
0 |
7 |
|a hádzaná
|x ženy
|x WHIL
|x kolo 26.
|y sezóna 2002/2003
|2 snkbucl
|9 864033
|
| 655 |
|
7 |
|a články z novín a časopisov
|2 snkbucl
|9 267496
|
| 773 |
0 |
|
|x 0139-7001
|t Šport
|g Roč. 57, č. 87 (14.4.2003), s. 26
|
| 850 |
|
|
|a Slovenská národná knižnica v Martine
|
| 852 |
|
|
|a SNK
|b KIS3GCP
|
| 958 |
|
|
|a RBX
|
| 999 |
|
|
|c 1382467
|d 1384397
|